ARRUPE JESUIT UNIVERSITY

CORONAVIRUS -STOP THE SPREAD - CLEAN,DISINFECT,COVER

Western civilizations, their history and their culture / (Record no. 127858)

MARC details
000 -LEADER
fixed length control field 01134cam a2200301 a 4500
001 - CONTROL NUMBER
control field 3924975
003 - CONTROL NUMBER IDENTIFIER
control field ARRUPE
005 - DATE AND TIME OF LATEST TRANSACTION
control field 20180405113834.0
008 - FIXED-LENGTH DATA ELEMENTS--GENERAL INFORMATION
fixed length control field 921103s1993 nyuab b 001 0 eng
010 ## - LIBRARY OF CONGRESS CONTROL NUMBER
LC control number 92041530
020 ## - INTERNATIONAL STANDARD BOOK NUMBER
International Standard Book Number 0393962067 (cloth)
040 ## - CATALOGING SOURCE
Original cataloging agency DLC
Transcribing agency DLC
Modifying agency DLC
043 ## - GEOGRAPHIC AREA CODE
Geographic area code e------
050 00 - LIBRARY OF CONGRESS CALL NUMBER
Classification number CB-245-1
082 00 - DEWEY DECIMAL CLASSIFICATION NUMBER
Classification number 909/.09821
Edition number 20
300 ## - PHYSICAL DESCRIPTION
Other physical details ill. (some col.), maps (some col.) ;
Dimensions 25 cm.
100 1# - MAIN ENTRY--PERSONAL NAME
Personal name Lerner, Robert E.
9 (RLIN) 41301
245 10 - TITLE STATEMENT
Title Western civilizations, their history and their culture /
Statement of responsibility, etc Robert E. Lerner, Standish Meacham, Edward McNall Burns.
250 ## - EDITION STATEMENT
Edition statement 12th ed.
260 ## - PUBLICATION, DISTRIBUTION, ETC. (IMPRINT)
Place of publication, distribution, etc New York :
Name of publisher, distributor, etc Norton,
Date of publication, distribution, etc c1993.
300 ## - PHYSICAL DESCRIPTION
Extent xvii, 1092, xxviii p. :
504 ## - BIBLIOGRAPHY, ETC. NOTE
Bibliography, etc Includes bibliographical references and index.
650 #0 - SUBJECT ADDED ENTRY--TOPICAL TERM
Topical term or geographic name as entry element Civilization, Western.
9 (RLIN) 24069
651 #0 - SUBJECT ADDED ENTRY--GEOGRAPHIC NAME
Geographic name Europe
General subdivision Civilization.
9 (RLIN) 18803
700 1# - ADDED ENTRY--PERSONAL NAME
Personal name Meacham, Standish.
9 (RLIN) 41302
700 1# - ADDED ENTRY--PERSONAL NAME
Personal name Burns, Edward McNall,
Dates associated with a name 1897-
9 (RLIN) 41303
906 ## - LOCAL DATA ELEMENT F, LDF (RLIN)
a 7
b cbc
c orignew
d 1
e ocip
f 19
g y-gencatlg
942 ## - ADDED ENTRY ELEMENTS (KOHA)
Source of classification or shelving scheme Library of Congress Classification
Koha item type Monograph ( Printed materials)
Holdings
Withdrawn status Lost status Source of classification or shelving scheme Damaged status Not for loan Collection code Home library Current library Shelving location Date acquired Total Checkouts Full call number Barcode Date last seen Date checked out Price effective from Koha item type
    Library of Congress Classification     Main Collection ARRUPE COLLEGE BOOKSTORE ARRUPE COLLEGE BOOKSTORE Main Collection 05/04/2018 1 CB-245-1 46600001704 20/04/2018 05/04/2018 05/04/2018 Monograph ( Printed materials)
    Library of Congress Classification     Main Collection ARRUPE COLLEGE BOOKSTORE ARRUPE COLLEGE BOOKSTORE Main Collection 05/04/2018 2 CB-245-4 46600001707 15/04/2019 11/04/2019 05/04/2018 Monograph ( Printed materials)
    Library of Congress Classification     Main Collection ARRUPE COLLEGE BOOKSTORE ARRUPE COLLEGE BOOKSTORE Main Collection 12/04/2018 1 CB-245-6 46600001801 15/05/2018 12/04/2018 12/04/2018 Monograph ( Printed materials)
    Library of Congress Classification     Main Collection ARRUPE COLLEGE BOOKSTORE ARRUPE COLLEGE BOOKSTORE Main Collection 15/05/2018   CB-245-7 46600001658 15/05/2018   15/05/2018 Monograph ( Printed materials)
    Library of Congress Classification     Main Collection ARRUPE COLLEGE BOOKSTORE ARRUPE LIBRARY Main Collection 05/04/2018 1 CB-245-2 46600001705 21/05/2018 05/04/2018 05/04/2018 Monograph ( Printed materials)

 

Arrupe Library. PO Box MP320 Mt Pleasant, Harare, Zimbabwe
263 242 745411|librarian@aju.ac.zw